00490nam a2200169Ia 4500003000900000008004100009020002200050040001600072080001700088100002000105245009100125260003800216300000900254650001600263650002400279650001700303IN-BaIIA211028s9999 xx 000 0 eng d a978-88-7830-476-5 cIIA Library a524.834bLOI aLoinger, Angelo 0aMore on BH's and GW's IIIcAngelo Loinger  aPaviabLa Goliardica Pavesec2007 a91p. aBlack holes aGravitational waves aMassive star